000
00323nam a22001457a 4500
008
221101b ||||| |||| 00| 0 eng d
020
_a
9781437714456
041
_a
eng
080
_2
6th edition
_a
159.9
082
_a
159.9
100
_a
25
101
_a
psi
245
_a
PHYSICAL EXAMINATION
_c
JARVIS
942
_2
udc
_c
BK
999
_c
58707
_d
58707